ゼルダの伝説シリーズのタイトル - Statistics

General Stats
  • This quiz has been taken 143 times
  • The average score is 10 of 19
Answer Stats
発売日 Answer 機種 % Correct
17 2017.3.3 ゼルダの伝説 ブレス オブ ザ ワイルド Wii U、Switch
89%
5 1998.11.21 ゼルダの伝説 時のオカリナ NINTENDO64
82%
6 2000.4.27 ゼルダの伝説 ムジュラの仮面 NINTENDO64
79%
1 1986.2.21 ゼルダの伝説 ファミコン
74%
3 1991.11.21 ゼルダの伝説 神々のトライフォース スーパーファミコン
64%
8 2002.12.13 ゼルダの伝説 風のタクト ゲームキューブ
64%
18 2023.5.12 ゼルダの伝説 ティアーズ オブ ザ キングダム Switch
64%
4 1993.6.6 ゼルダの伝説 夢をみる島 ゲームボーイ
62%
2 1987.1.14 リンクの冒険 ファミコン
56%
11 2006.12.2 ゼルダの伝説 トワイライトプリンセス ゲームキューブ
54%
19 2024.9.26 ゼルダの伝説 知恵のかりもの Switch
53%
14 2011.11.23 ゼルダの伝説 スカイウォードソード Wii
49%
13 2009.12.23 ゼルダの伝説 大地の汽笛 DS
38%
15 2013.12.26 ゼルダの伝説 神々のトライフォース2 3DS
38%
9 2004.3.18 ゼルダの伝説 4つの剣+ ゲームキューブ
31%
10 2004.11.4 ゼルダの伝説 ふしぎのぼうし ゲームボーイアドバンス
31%
12 2007.6.23 ゼルダの伝説 夢幻の砂時計 DS
24%
7 2001.2.27 ゼルダの伝説 ふしぎの木の実 ゲームボーイカラー
21%
16 2015.10.22 ゼルダの伝説 トライフォース3銃士 3DS
16%
No matching quizzes found
Score Distribution
Percent of People with Each Score
Percentile by Number Answered
Your Score History
You have not taken this quiz